[Event "Madrid-chT 2122"]
[Site "Madrid"]
[Date "2022.01.29"]
[Round "7.2"]
[White "Martin Rueda, Daniel"]
[Black "Valles Moreno, Ivan"]
[Result "1-0"]
[WhiteElo "2254"]
[BlackElo "2401"]
[PlyCount "109"]
[EventDate "2021.11.27"]
[EventType "team-tourn"]
[EventRounds "14"]
[EventCountry "ESP"]
[SourceTitle "Ajedrez en Madrid"]
[Source "lmi"]
[SourceDate "2021.11.28"]
[SourceVersion "1"]
[SourceVersionDate "2022.03.28"]
[SourceQuality "1"]
[WhiteTeam "Virgen de Atocha"]
[BlackTeam "Villalba 64"]
[WhiteTeamCountry "ESP"]
[BlackTeamCountry "ESP"]

1. Nf3 d6 2. d4 Nf6 3. Bf4 Nbd7 4. e3 g6 5. h3 Bg7 6. Nbd2 O-O 7. Be2 b6 8. O-O
Bb7 9. c3 Re8 10. Bh2 e5 11. a4 a5 12. Nc4 Ne4 13. Qc2 exd4 14. cxd4 Ndf6 15.
Rac1 Rc8 16. Qb3 Bd5 17. Ne1 Nd2 18. Nxd2 Bxb3 19. Nxb3 Nd5 20. Ba6 Rb8 21. Bb5
Bh6 22. Nc2 Ne7 23. Na3 Rc8 24. Bxe8 Qxe8 25. Nb5 Nd5 26. Rfe1 Qd7 27. Rc4 Bf8
28. e4 Nb4 29. d5 c6 30. Rec1 c5 31. R1c3 Re8 32. Bg3 Na6 33. Nd2 Nc7 34. Rb3
Be7 35. Nc3 Rb8 36. Nf3 f6 37. Nd2 Rb7 38. Nb5 Nxb5 39. Rxb5 f5 40. f3 Bg5 41.
Rc2 Be3+ 42. Kh2 Bxd2 43. Rxd2 fxe4 44. fxe4 Rb8 45. Re2 Qe7 46. e5 Rb7 47. Rb3
dxe5 48. Rxe5 Qd7 49. d6 Qxa4 50. Rbe3 Rf7 51. Re8+ Rf8 52. R3e7 Qd4 53. d7 h5
54. Re6 Qd3 55. Be5 1-0

[Event "Madrid-chT 2122"]
[Site "Madrid"]
[Date "2022.01.29"]
[Round "7.3"]
[White "Soham, Das1"]
[Black "Vallejo Diaz, Jesus"]
[Result "1-0"]
[WhiteElo "2330"]
[BlackElo "2227"]
[PlyCount "59"]
[EventDate "2021.11.27"]
[EventType "team-tourn"]
[EventRounds "14"]
[EventCountry "ESP"]
[SourceTitle "Ajedrez en Madrid"]
[Source "lmi"]
[SourceDate "2021.11.28"]
[SourceVersion "1"]
[SourceVersionDate "2022.03.28"]
[SourceQuality "1"]
[WhiteTeam "Villalba 64"]
[BlackTeam "Virgen de Atocha"]
[WhiteTeamCountry "ESP"]
[BlackTeamCountry "ESP"]

1. e4 Nf6 2. e5 Nd5 3. d4 d6 4. c4 Nb6 5. exd6 cxd6 6. Nc3 g6 7. Be3 Bg7 8. Rc1
O-O 9. b3 Nc6 10. d5 Ne5 11. Be2 Re8 12. f4 Ned7 13. Nf3 Nf6 14. O-O e6 15.
dxe6 Bxe6 16. Kh1 d5 17. c5 Nc8 18. Ne5 Ne7 19. Bb5 Rf8 20. c6 bxc6 21. Nxc6
Nxc6 22. Bxc6 Rc8 23. Nb5 a6 24. Nd4 Ne4 25. Qd3 Qh4 26. Kg1 Rfd8 27. Qxa6 Nd6
28. Qd3 Nf5 29. Nf3 Qh6 30. Bd2 1-0

[Event "Madrid-chT 2122"]
[Site "Madrid"]
[Date "2022.01.29"]
[Round "7.4"]
[White "Rabadan Velasco, Raul"]
[Black "Sanchez Gonzalez, Sergio"]
[Result "1/2-1/2"]
[WhiteElo "2174"]
[BlackElo "2296"]
[PlyCount "123"]
[EventDate "2021.11.27"]
[EventType "team-tourn"]
[EventRounds "14"]
[EventCountry "ESP"]
[SourceTitle "Ajedrez en Madrid"]
[Source "lmi"]
[SourceDate "2021.11.28"]
[SourceVersion "1"]
[SourceVersionDate "2022.03.28"]
[SourceQuality "1"]
[WhiteTeam "Virgen de Atocha"]
[BlackTeam "Villalba 64"]
[WhiteTeamCountry "ESP"]
[BlackTeamCountry "ESP"]

1. d4 d5 2. Nf3 c6 3. c4 Nf6 4. g3 dxc4 5. Bg2 g6 6. O-O Bg7 7. a4 Ne4 8. Na3
Nd6 9. Bf4 O-O 10. Qc1 Na6 11. Rd1 Nb4 12. Nxc4 a5 13. Be5 f6 14. Bf4 Be6 15.
Nfd2 g5 16. Bxd6 exd6 17. Ne4 d5 18. Nc5 Bc8 19. Ne3 f5 20. Nc2 f4 21. Nxb4
axb4 22. Qd2 b6 23. Nd3 fxg3 24. hxg3 Bxd4 25. e3 Bc5 26. Nxb4 Bb7 27. Nd3 Bd6
28. e4 Qf6 29. exd5 c5 30. Re1 Rae8 31. Rxe8 Rxe8 32. Re1 Rxe1+ 33. Qxe1 c4 34.
Qe8+ Kg7 35. Qd7+ Kf8 36. Ne1 Ba6 37. Nf3 Bc5 38. Qg4 h6 39. Qe4 Kg7 40. Kh2
Bc8 41. Bh3 Bxh3 42. Kxh3 h5 43. g4 Qxb2 44. Ne5 hxg4+ 45. Kxg4 Qd4 46. Qxd4
Bxd4 47. Nxc4 Bxf2 48. Kxg5 Kf7 49. Kf5 Ke7 50. Ke5 Kd7 51. Ke4 Kc7 52. Ke5 Kd7
53. d6 Kc6 54. Ke6 Bh4 55. Ne5+ Kc5 56. Ng6 Bd8 57. Kd7 b5 58. axb5 Ba5 59. Ne7
Kxb5 60. Nc6 Bb6 61. Ne7 Ba5 62. Nc8 1/2-1/2

[Event "Madrid-chT 2122"]
[Site "Madrid"]
[Date "2022.01.29"]
[Round "7.5"]
[White "Garcia Luengo, Leandro"]
[Black "Gil Quilez, David"]
[Result "1/2-1/2"]
[WhiteElo "2275"]
[BlackElo "2161"]
[PlyCount "119"]
[EventDate "2021.11.27"]
[EventType "team-tourn"]
[EventRounds "14"]
[EventCountry "ESP"]
[SourceTitle "Ajedrez en Madrid"]
[Source "lmi"]
[SourceDate "2021.11.28"]
[SourceVersion "1"]
[SourceVersionDate "2022.03.28"]
[SourceQuality "1"]
[WhiteTeam "Villalba 64"]
[BlackTeam "Virgen de Atocha"]
[WhiteTeamCountry "ESP"]
[BlackTeamCountry "ESP"]

1. e4 e5 2. Nf3 Nc6 3. Bb5 a6 4. Ba4 Nf6 5. Bxc6 dxc6 6. d3 Bg4 7. h3 Bxf3 8.
Qxf3 Nd7 9. Qg3 Qf6 10. Nd2 Qg6 11. Qxg6 hxg6 12. Nf3 c5 13. Be3 f6 14. O-O-O
O-O-O 15. h4 Bd6 16. Rh3 Nf8 17. Rdh1 Ne6 18. h5 g5 19. Nh2 Rh7 20. Ng4 Be7 21.
f3 c6 22. Nf2 Kc7 23. R1h2 Rd7 24. Nh1 Bd8 25. Ng3 Kc8 26. Nf5 Be7 27. Rh1 Bf8
28. Rd1 Be7 29. Rhh1 Bd8 30. c3 a5 31. Kc2 Bb6 32. g4 Kc7 33. Bc1 a4 34. Rh2
Ba7 35. Be3 b5 36. Rhd2 Rh8 37. b3 axb3+ 38. axb3 Bb6 39. Ra1 Rhd8 40. c4 b4
41. Ng3 Kb7 42. Rdd1 Rh8 43. Kd2 Rdd8 44. Ra4 Ra8 45. Rda1 Rxa4 46. Rxa4 Bc7
47. Ra1 Bb6 48. Kc2 Kc7 49. Kb2 Kb7 50. Kc2 Kc7 51. Rh1 Kb7 52. Nf5 Rh7 53. Ne7
Bd8 54. Ng6 Rh6 55. Kd2 Rh7 56. Ra1 Rh6 57. Ke2 Rh7 58. Kf2 Rh6 59. Kg2 Rh7 60.
Kf2 1/2-1/2

[Event "Madrid-chT 2122"]
[Site "Madrid"]
[Date "2022.01.29"]
[Round "7.6"]
[White "Rey Martinez, Jaime"]
[Black "Lopez del Alamo, Antonio"]
[Result "1-0"]
[WhiteElo "2042"]
[BlackElo "2253"]
[PlyCount "67"]
[EventDate "2021.11.27"]
[EventType "team-tourn"]
[EventRounds "14"]
[EventCountry "ESP"]
[SourceTitle "Ajedrez en Madrid"]
[Source "lmi"]
[SourceDate "2021.11.28"]
[SourceVersion "1"]
[SourceVersionDate "2022.03.28"]
[SourceQuality "1"]
[WhiteTeam "Virgen de Atocha"]
[BlackTeam "Villalba 64"]
[WhiteTeamCountry "ESP"]
[BlackTeamCountry "ESP"]

1. e4 c5 2. Nf3 e6 3. d4 cxd4 4. Nxd4 Nf6 5. Nc3 d6 6. Be2 Be7 7. Be3 O-O 8.
O-O Nc6 9. f4 e5 10. Nxc6 bxc6 11. fxe5 dxe5 12. Qe1 Qa5 13. Nd5 Qd8 14. Nxf6+
Bxf6 15. Rd1 Qe7 16. Qc3 Re8 17. Bc5 Qc7 18. Rxf6 gxf6 19. Qg3+ Kh8 20. Qh4 Ba6
21. Bxa6 Rad8 22. Bd3 f5 23. exf5 e4 24. Bd4+ Rxd4 25. Qf6+ Kg8 26. Qxd4 exd3
27. Rxd3 Qb6 28. Qxb6 axb6 29. Rd6 Re1+ 30. Kf2 Rb1 31. b3 Rb2 32. Rxc6 Rxa2
33. Ke3 Kg7 34. Kd3 1-0

[Event "Madrid-chT 2122"]
[Site "Madrid"]
[Date "2022.01.29"]
[Round "7.1"]
[White "Taboas Rodriguez, Daniel"]
[Black "Candela Perez, Jose"]
[Result "0-1"]
[WhiteElo "2367"]
[BlackElo "2330"]
[PlyCount "130"]
[EventDate "2021.11.27"]
[EventType "team-tourn"]
[EventRounds "14"]
[EventCountry "ESP"]
[SourceTitle "Ajedrez en Madrid"]
[Source "lmi"]
[SourceDate "2021.11.28"]
[SourceVersion "1"]
[SourceVersionDate "2022.03.28"]
[SourceQuality "1"]
[WhiteTeam "Blanco y Negro"]
[BlackTeam "Alcala de Henares"]
[WhiteTeamCountry "ESP"]
[BlackTeamCountry "ESP"]

1. d4 d5 2. c4 c6 3. cxd5 cxd5 4. Nc3 Nf6 5. Bf4 Nc6 6. e3 Bf5 7. Bb5 e6 8. Qa4
Qb6 9. Nf3 Nd7 10. Nh4 Bg4 11. h3 Bh5 12. e4 Bb4 13. exd5 exd5 14. O-O Bxc3 15.
bxc3 O-O 16. Nf5 Bg6 17. Bxc6 bxc6 18. Ne7+ Kh8 19. Qxc6 Qxc6 20. Nxc6 Nb6 21.
Ne7 Rfe8 22. Rfe1 Be4 23. Bd6 Nc8 24. Nxc8 Raxc8 25. Re3 f6 26. Rae1 Bg6 27.
Re7 a6 28. Bc5 Rxe7 29. Rxe7 Bd3 30. g4 h6 31. Kg2 Bb5 32. Kg3 Re8 33. Rc7 Kg8
34. Be7 Kf7 35. Bd6+ Kg8 36. a3 Re6 37. Rc8+ Re8 38. Rc5 Bc4 39. Rc7 Bb5 40. h4
Rd8 41. Bb4 Re8 42. Be7 Bd3 43. g5 fxg5 44. hxg5 hxg5 45. Kg4 Rb8 46. Kxg5 Rb6
47. Kf4 Re6 48. Bg5 Kh7 49. Kg3 Kg6 50. Bf4 Rf6 51. Be5 Rf7 52. Rc5 Bc4 53.
Rc6+ Kf5 54. f3 Kg5 55. Kf2 Rb7 56. a4 Kf5 57. a5 Rb2+ 58. Kg3 Bf1 59. f4 Ke4
60. Rc7 Rg2+ 61. Kh4 g6 62. Kh3 Kf3 63. Rg7 Rg4+ 64. Kh2 Rh4+ 65. Kg1 Bg2 0-1

[Event "Madrid-chT 2122"]
[Site "Madrid"]
[Date "2022.01.29"]
[Round "7.2"]
[White "Moreno Ibañez, Miguel"]
[Black "Alarcia Astiz, Carlos"]
[Result "1/2-1/2"]
[WhiteElo "2268"]
[BlackElo "2314"]
[PlyCount "119"]
[EventDate "2021.11.27"]
[EventType "team-tourn"]
[EventRounds "14"]
[EventCountry "ESP"]
[SourceTitle "Ajedrez en Madrid"]
[Source "lmi"]
[SourceDate "2021.11.28"]
[SourceVersion "1"]
[SourceVersionDate "2022.03.28"]
[SourceQuality "1"]
[WhiteTeam "Alcala de Henares"]
[BlackTeam "Blanco y Negro"]
[WhiteTeamCountry "ESP"]
[BlackTeamCountry "ESP"]

1. e4 c6 2. Nf3 d5 3. d3 dxe4 4. dxe4 Qxd1+ 5. Kxd1 Bg4 6. Be2 Nd7 7. Nfd2
Bxe2+ 8. Kxe2 e6 9. Nc4 O-O-O 10. Rd1 Ngf6 11. f3 Bc5 12. Nbd2 Nb6 13. Ne5 Rhf8
14. Nd3 Na4 15. Nc4 Bd4 16. Bf4 Ne8 17. c3 Bxc3 18. bxc3 Nxc3+ 19. Ke3 Nxd1+
20. Rxd1 f6 21. Bg3 e5 22. f4 exf4+ 23. Bxf4 g5 24. Bg3 f5 25. exf5 Rxf5 26.
Rb1 Rfd5 27. Rb3 Nf6 28. Nce5 Re8 29. Ra3 Nh5 30. Ke4 Nxg3+ 31. hxg3 a6 32. Rb3
Kc7 33. Kf5 Kd6 34. Rxb7 Rexe5+ 35. Nxe5 Rxe5+ 36. Kg4 Re2 37. Rxh7 Rxg2 38.
Ra7 Rxa2 39. Kxg5 Kc5 40. Rb7 a5 41. Kf4 a4 42. Kf3 Ra3+ 43. Kf4 Rb3 44. Ra7
Kb4 45. g4 c5 46. g5 c4 47. g6 Rd3 48. Rb7+ Ka3 49. Rc7 Kb3 50. Rb7+ Kc2 51.
Rb4 c3 52. Rxa4 Kb3 53. Ra8 c2 54. Rb8+ Ka2 55. Rc8 Kb2 56. Rxc2+ Kxc2 57. g7
Rd8 58. Kf5 Kd3 59. Kf6 Ke4 60. Kf7 1/2-1/2

[Event "Madrid-chT 2122"]
[Site "Madrid"]
[Date "2022.01.29"]
[Round "7.3"]
[White "Renteria Becerra, Jorge Elicer"]
[Black "Palenciano Escolar, Adrian"]
[Result "1/2-1/2"]
[WhiteElo "2272"]
[BlackElo "2139"]
[PlyCount "136"]
[EventDate "2021.11.27"]
[EventType "team-tourn"]
[EventRounds "14"]
[EventCountry "ESP"]
[SourceTitle "Ajedrez en Madrid"]
[Source "lmi"]
[SourceDate "2021.11.28"]
[SourceVersion "1"]
[SourceVersionDate "2022.03.28"]
[SourceQuality "1"]
[WhiteTeam "Blanco y Negro"]
[BlackTeam "Alcala de Henares"]
[WhiteTeamCountry "ESP"]
[BlackTeamCountry "ESP"]

1. e4 c5 2. Nf3 d6 3. d4 Nf6 4. Nc3 cxd4 5. Nxd4 a6 6. Rg1 e5 7. Nb3 Be6 8. g4
d5 9. exd5 Nxd5 10. Nxd5 Qxd5 11. Qxd5 Bxd5 12. Be3 Nc6 13. O-O-O Be6 14. Nc5
Bxc5 15. Bxc5 Rd8 16. Be2 f6 17. Bb6 Rxd1+ 18. Rxd1 Ke7 19. b3 Rc8 20. Kb2 Nb4
21. c4 Kf7 22. a3 Nc6 23. Bf3 h5 24. gxh5 f5 25. Be2 Nb8 26. f4 Nd7 27. Be3 e4
28. Bd4 Nf6 29. Bxf6 Kxf6 30. Rd6 Rc6 31. Rxc6 bxc6 32. Kc3 c5 33. b4 Bd7 34.
bxc5 a5 35. c6 Bxc6 36. Kd4 Ke6 37. Kc5 Ba4 38. Kb6 Bc2 39. c5 Bd3 40. Bxd3
exd3 41. c6 d2 42. c7 d1=Q 43. c8=Q+ Kf6 44. Qf8+ Ke6 45. Qe8+ Kf6 46. Qe5+ Kf7
47. Qxf5+ Kg8 48. Kxa5 Qd2+ 49. Ka4 Qd1+ 50. Kb4 Qd2+ 51. Kc4 Qa2+ 52. Kd4 Qb2+
53. Kd5 Qxa3 54. Qe6+ Kh8 55. Qe8+ Kh7 56. Qg6+ Kh8 57. Qe8+ Kh7 58. Qe4+ Kh8
59. Qe8+ Kh7 60. Qg6+ Kh8 61. h6 Qb3+ 62. Ke5 Qc3+ 63. Ke6 Qc6+ 64. Kf7 Qc7+
65. Ke6 Qc6+ 66. Kf5 Qc2+ 67. Kg5 Qg2+ 68. Kf5 Qc2+ 1/2-1/2

[Event "Madrid-chT 2122"]
[Site "Madrid"]
[Date "2022.01.29"]
[Round "7.4"]
[White "Cubillo Muñoz, Miguel"]
[Black "Hidalgo Duque, Carlos"]
[Result "1/2-1/2"]
[WhiteElo "2125"]
[BlackElo "2259"]
[PlyCount "68"]
[EventDate "2021.11.27"]
[EventType "team-tourn"]
[EventRounds "14"]
[EventCountry "ESP"]
[SourceTitle "Ajedrez en Madrid"]
[Source "lmi"]
[SourceDate "2021.11.28"]
[SourceVersion "1"]
[SourceVersionDate "2022.03.28"]
[SourceQuality "1"]
[WhiteTeam "Alcala de Henares"]
[BlackTeam "Blanco y Negro"]
[WhiteTeamCountry "ESP"]
[BlackTeamCountry "ESP"]

1. e4 c5 2. Nf3 d6 3. d4 cxd4 4. Qxd4 Nc6 5. Bb5 Bd7 6. Bxc6 Bxc6 7. Nc3 Nf6 8.
Bg5 e6 9. O-O-O Be7 10. Qd3 Qa5 11. Kb1 h6 12. Bh4 Qa6 13. Rhe1 Qxd3 14. Rxd3
g5 15. Bg3 e5 16. Nd2 b5 17. b4 O-O 18. Nf1 a5 19. a3 axb4 20. axb4 Nxe4 21.
Nxe4 Bxe4 22. Rxe4 f5 23. Re1 f4 24. f3 fxg3 25. Nxg3 Ra4 26. Re4 Kf7 27. Ne2
Rfa8 28. Kc1 Ra1+ 29. Kd2 Ke6 30. Nd4+ Kf6 31. Nxb5 Rg1 32. Nxd6 Rd8 33. Nb5
Rxg2+ 34. Re2 Bxb4+ 1/2-1/2

[Event "Madrid-chT 2122"]
[Site "Madrid"]
[Date "2022.01.29"]
[Round "7.5"]
[White "Balbuena Fuentes, Mario"]
[Black "Yañez Rodriguez, Wilbert"]
[Result "1-0"]
[WhiteElo "2221"]
[BlackElo "2118"]
[PlyCount "67"]
[EventDate "2021.11.27"]
[EventType "team-tourn"]
[EventRounds "14"]
[EventCountry "ESP"]
[SourceTitle "Ajedrez en Madrid"]
[Source "lmi"]
[SourceDate "2021.11.28"]
[SourceVersion "1"]
[SourceVersionDate "2022.03.28"]
[SourceQuality "1"]
[WhiteTeam "Blanco y Negro"]
[BlackTeam "Alcala de Henares"]
[WhiteTeamCountry "ESP"]
[BlackTeamCountry "ESP"]

1. e4 c5 2. Nf3 g6 3. d4 cxd4 4. Nxd4 Bg7 5. c4 Nc6 6. Be3 Nf6 7. Nc3 O-O 8.
Be2 d6 9. O-O Bd7 10. h3 Nxd4 11. Bxd4 Bc6 12. Qc2 a5 13. Rad1 a4 14. c5 Qa5
15. cxd6 exd6 16. a3 Rfe8 17. f3 d5 18. e5 Nh5 19. f4 Ng3 20. Rfe1 Nf5 21. Bf2
d4 22. Ne4 Red8 23. Bf3 Rac8 24. Qd2 Qb6 25. Bg4 Bxe4 26. Rxe4 Bf8 27. Bxf5
gxf5 28. Rxd4 Rxd4 29. Bxd4 Bc5 30. Bxc5 Rxc5 31. Kh2 Rb5 32. Qd7 Rxb2 33. Rd6
Qa5 34. e6 1-0

[Event "Madrid-chT 2122"]
[Site "Madrid"]
[Date "2022.01.29"]
[Round "7.6"]
[White "Sanchez Millan, Eduardo"]
[Black "Armenteros Peral, Javier"]
[Result "1-0"]
[WhiteElo "2007"]
[BlackElo "1989"]
[PlyCount "65"]
[EventDate "2021.11.27"]
[EventType "team-tourn"]
[EventRounds "14"]
[EventCountry "ESP"]
[SourceTitle "Ajedrez en Madrid"]
[Source "lmi"]
[SourceDate "2021.11.28"]
[SourceVersion "1"]
[SourceVersionDate "2022.03.28"]
[SourceQuality "1"]
[WhiteTeam "Alcala de Henares"]
[BlackTeam "Blanco y Negro"]
[WhiteTeamCountry "ESP"]
[BlackTeamCountry "ESP"]

1. d4 d5 2. c4 e6 3. Nc3 Nf6 4. cxd5 exd5 5. Bg5 Be7 6. e3 c6 7. Bd3 O-O 8. Qc2
h6 9. h4 Re8 10. Nf3 Ne4 11. Bxe7 Qxe7 12. Bxe4 dxe4 13. Nd2 f5 14. Ne2 Be6 15.
Nf4 Bf7 16. h5 Nd7 17. O-O-O Nb6 18. g4 Nd5 19. gxf5 Nxf4 20. exf4 Qd6 21. Nf1
Qxf4+ 22. Ne3 a5 23. Kb1 Rad8 24. Rh3 Re7 25. Qc5 Red7 26. Rg1 Qxf2 27. Rhg3
Bd5 28. Ng4 Qxd4 29. Nxh6+ Kh8 30. Qxd4 Bxa2+ 31. Kxa2 Rxd4 32. Nf7+ Kg8 33.
Rxg7+ 1-0

[Event "Madrid-chT 2122"]
[Site "Madrid"]
[Date "2022.01.30"]
[Round "7.1"]
[White "Corral Blanco, Juan Antonio"]
[Black "Vazquez Igarza, Renier"]
[Result "1/2-1/2"]
[WhiteElo "2421"]
[BlackElo "2528"]
[PlyCount "47"]
[EventDate "2021.11.27"]
[EventType "team-tourn"]
[EventRounds "14"]
[EventCountry "ESP"]
[SourceTitle "Ajedrez en Madrid"]
[Source "lmi"]
[SourceDate "2021.11.28"]
[SourceVersion "1"]
[SourceVersionDate "2022.03.28"]
[SourceQuality "1"]
[WhiteTeam "La Didactica"]
[BlackTeam "Collado Villalba"]
[WhiteTeamCountry "ESP"]
[BlackTeamCountry "ESP"]

1. d4 Nf6 2. c4 c6 3. Nc3 d5 4. Nf3 a6 5. e3 Bf5 6. Bd3 Bg6 7. Ne5 Bxd3 8. Qxd3
e6 9. O-O Bd6 10. b3 Nbd7 11. Nxd7 Qxd7 12. Bb2 b5 13. cxd5 cxd5 14. Rfc1 Qb7
15. Rc2 Kd7 16. Rac1 Rhc8 17. Ne2 Rxc2 18. Rxc2 b4 19. Nc1 a5 20. Qd1 a4 21.
Nd3 axb3 22. axb3 Qb5 23. Rc1 Rc8 24. Rxc8 1/2-1/2

[Event "Madrid-chT 2122"]
[Site "Madrid"]
[Date "2022.01.30"]
[Round "7.2"]
[White "Pulvett Marin, Daniel Eduardo"]
[Black "Arriaga Lugo, Ricardo"]
[Result "1-0"]
[WhiteElo "2497"]
[BlackElo "2203"]
[PlyCount "127"]
[EventDate "2021.11.27"]
[EventType "team-tourn"]
[EventRounds "14"]
[EventCountry "ESP"]
[SourceTitle "Ajedrez en Madrid"]
[Source "lmi"]
[SourceDate "2021.11.28"]
[SourceVersion "1"]
[SourceVersionDate "2022.03.28"]
[SourceQuality "1"]
[WhiteTeam "Collado Villalba"]
[BlackTeam "La Didactica"]
[WhiteTeamCountry "ESP"]
[BlackTeamCountry "ESP"]

1. d4 Nf6 2. c4 e6 3. Nf3 d5 4. g3 Be7 5. Bg2 c6 6. O-O O-O 7. Qc2 b6 8. b3 Bb7
9. Bb2 Nbd7 10. Nc3 Rc8 11. Rfd1 Qc7 12. Rac1 Rfd8 13. e3 Qb8 14. Qe2 Bf8 15.
Nd2 c5 16. cxd5 Nxd5 17. Nxd5 Bxd5 18. e4 Bb7 19. Nc4 cxd4 20. Bxd4 Nc5 21. b4
Nd7 22. Qb2 Qa8 23. f3 Nb8 24. Bf1 Nc6 25. Bc3 Rxd1 26. Rxd1 Rd8 27. Rd2 Rxd2
28. Qxd2 Qd8 29. Qxd8 Nxd8 30. Kf2 f6 31. Ke3 Kf7 32. f4 Nc6 33. a3 Be7 34. g4
g6 35. Bd3 Bf8 36. h4 h6 37. e5 fxe5 38. Bxe5 b5 39. Nd6+ Bxd6 40. Bxd6 a6 41.
Be4 h5 42. g5 Nd8 43. Bb1 Nc6 44. Be4 Nd8 45. Bc2 Nc6 46. Bb3 a5 47. Bc2 axb4
48. axb4 Ba6 49. Be4 Bb7 50. Be5 Nd8 51. Bd3 Nc6 52. Bd6 Ba6 53. Be2 Ke8 54.
Kd3 Kd7 55. Bc5 Ke8 56. Kc3 Kf7 57. Bd3 Kg7 58. Bd4+ Kf7 59. Bf6 Nb8 60. Be5
Nd7 61. Kd4 Nb6 62. Kc5 Nc4 63. Bxc4 bxc4 64. b5 1-0

[Event "Madrid-chT 2122"]
[Site "Madrid"]
[Date "2022.01.30"]
[Round "7.3"]
[White "De la Puerta Cresis, Javier"]
[Black "Martin Duque, Jesus"]
[Result "0-1"]
[WhiteElo "2139"]
[BlackElo "2406"]
[PlyCount "102"]
[EventDate "2021.11.27"]
[EventType "team-tourn"]
[EventRounds "14"]
[EventCountry "ESP"]
[SourceTitle "Ajedrez en Madrid"]
[Source "lmi"]
[SourceDate "2021.11.28"]
[SourceVersion "1"]
[SourceVersionDate "2022.03.28"]
[SourceQuality "1"]
[WhiteTeam "La Didactica"]
[BlackTeam "Collado Villalba"]
[WhiteTeamCountry "ESP"]
[BlackTeamCountry "ESP"]

1. e4 c5 2. Nf3 e6 3. g3 b6 4. d4 cxd4 5. Nxd4 Bb7 6. Bg2 d6 7. O-O Nd7 8. Nc3
Be7 9. Re1 a6 10. Be3 Qc7 11. Bh3 Nc5 12. b4 Nd7 13. Nce2 Ngf6 14. Bxe6 fxe6
15. Nxe6 Qc4 16. N2d4 g6 17. Bh6 Rg8 18. f3 Ne5 19. a4 Bc8 20. Ng5 Nfg4 21.
fxg4 Bxg5 22. Bxg5 Qxd4+ 23. Qxd4 Nf3+ 24. Kg2 Nxd4 25. Red1 Ne6 26. Be3 Ke7
27. Bxb6 Bb7 28. Kg1 Rac8 29. Rd2 Bxe4 30. b5 Rgf8 31. Be3 a5 32. h4 Rxc2 33.
Rxc2 Bxc2 34. Bb6 Rf3 35. g5 Rxg3+ 36. Kf2 Rg4 37. Bxa5 Rxa4 38. Rxa4 Bxa4 39.
b6 Bc6 40. Kg3 Nd4 41. h5 Ke6 42. hxg6 hxg6 43. Kf4 Nb3 44. Bc3 Nc5 45. Bd4
Nd3+ 46. Kg4 Ne5+ 47. Kf4 Kd5 48. Be3 Nd3+ 49. Kg4 Ke4 50. Bd2 Ne5+ 51. Kg3 Kf5
0-1

[Event "Madrid-chT 2122"]
[Site "Madrid"]
[Date "2022.01.30"]
[Round "7.4"]
[White "Lianes Garcia, Marcos"]
[Black "Barraza Caracuel, Ignacio"]
[Result "0-1"]
[WhiteElo "2409"]
[BlackElo "2111"]
[PlyCount "148"]
[EventDate "2021.11.27"]
[EventType "team-tourn"]
[EventRounds "14"]
[EventCountry "ESP"]
[SourceTitle "Ajedrez en Madrid"]
[Source "lmi"]
[SourceDate "2021.11.28"]
[SourceVersion "1"]
[SourceVersionDate "2022.03.28"]
[SourceQuality "1"]
[WhiteTeam "Collado Villalba"]
[BlackTeam "La Didactica"]
[WhiteTeamCountry "ESP"]
[BlackTeamCountry "ESP"]

1. d4 Nf6 2. c4 c5 3. d5 b5 4. Qc2 bxc4 5. e4 d6 6. Nf3 g6 7. Bxc4 Bg7 8. O-O
O-O 9. Bf4 Nbd7 10. Nc3 Ng4 11. Nd2 Nb6 12. Be2 f5 13. h3 fxe4 14. hxg4 Rxf4
15. g3 Rf8 16. Ndxe4 Bd7 17. Rad1 Qc8 18. f3 Rb8 19. Kg2 h5 20. Ng5 hxg4 21.
fxg4 Rf6 22. Qe4 Qe8 23. Ne6 Rxe6 24. dxe6 Bc6 25. Nd5 Nxd5 26. Bf3 Rxb2+ 27.
Kh3 Nb4 28. Qf4 Qf8 29. Qe3 Bd4 30. Qg5 Bxf3 31. Qxg6+ Bg7 32. Qf7+ Qxf7 33.
exf7+ Kxf7 34. Rxf3+ Kg6 35. Re1 Be5 36. Rf8 Rxa2 37. g5 Ra3 38. Ref1 Kxg5 39.
Rg8+ Kh6 40. Kh4 Bf6+ 41. Kg4 Kh7 42. Rc8 Kg6 43. Rg8+ Kf7 44. Rc8 Nd5 45. Rb1
Ne3+ 46. Kf4 Nd5+ 47. Kg4 Ra4+ 48. Kh5 Ra2 49. Kg4 Ra3 50. Rbb8 Be5 51. Kf5 e6+
52. Kg5 Rxg3+ 53. Kh4 Rg7 54. Rf8+ Kg6 55. Rf2 Rh7+ 56. Kg4 Nf6+ 57. Kf3 Rh3+
58. Ke2 Rh2 59. Rxh2 Bxh2 60. Ra8 Be5 61. Rxa7 Kf5 62. Kd3 d5 63. Ra5 c4+ 64.
Ke2 Bd4 65. Kd2 e5 66. Ke2 e4 67. Kd2 e3+ 68. Ke2 Ke4 69. Ra8 Be5 70. Rc8 Nh5
71. Re8 Nf4+ 72. Kd1 d4 73. Re7 d3 74. Re8 Ng2 0-1

[Event "Madrid-chT 2122"]
[Site "Madrid"]
[Date "2022.01.30"]
[Round "7.5"]
[White "Gonzalez Martinez, Daniel"]
[Black "Alonso Garcia, Aaron"]
[Result "1-0"]
[WhiteElo "1899"]
[BlackElo "2345"]
[PlyCount "81"]
[EventDate "2021.11.27"]
[EventType "team-tourn"]
[EventRounds "14"]
[EventCountry "ESP"]
[SourceTitle "Ajedrez en Madrid"]
[Source "lmi"]
[SourceDate "2021.11.28"]
[SourceVersion "1"]
[SourceVersionDate "2022.03.28"]
[SourceQuality "1"]
[WhiteTeam "La Didactica"]
[BlackTeam "Collado Villalba"]
[WhiteTeamCountry "ESP"]
[BlackTeamCountry "ESP"]

1. e4 c5 2. Nf3 e6 3. d4 cxd4 4. Nxd4 Nc6 5. Nc3 Qc7 6. g3 a6 7. Bg2 h5 8. h3
Nge7 9. O-O Nxd4 10. Qxd4 Nc6 11. Qd3 Bc5 12. Bf4 Ne5 13. Qd2 b5 14. Rfe1 d6
15. b3 Bb7 16. a4 b4 17. Nd1 a5 18. Be3 h4 19. f4 Ng6 20. f5 Ne5 21. g4 Rc8 22.
Rc1 Nxg4 23. hxg4 h3 24. Bf3 d5 25. Kh1 dxe4 26. Bxc5 exf3 27. Bf2 Rh6 28. Qd4
h2 29. Qe5 Qe7 30. Qxg7 Rf6 31. Kxh2 Rc6 32. Bh4 Qd6+ 33. Kg1 Qf4 34. Nf2 e5
35. Rcd1 Ke7 36. Qh8 Rcd6 37. Rxd6 Kxd6 38. Qxf6+ Kd7 39. Qxf7+ Kc8 40. Qe8+
Kc7 41. Qxe5+ 1-0

[Event "Madrid-chT 2122"]
[Site "Madrid"]
[Date "2022.01.30"]
[Round "7.6"]
[White "Suarez Uriel, Adrian"]
[Black "Palomino Menendez, Salvador"]
[Result "1-0"]
[WhiteElo "2352"]
[BlackElo "1865"]
[PlyCount "91"]
[EventDate "2021.11.27"]
[EventType "team-tourn"]
[EventRounds "14"]
[EventCountry "ESP"]
[SourceTitle "Ajedrez en Madrid"]
[Source "lmi"]
[SourceDate "2021.11.28"]
[SourceVersion "1"]
[SourceVersionDate "2022.03.28"]
[SourceQuality "1"]
[WhiteTeam "Collado Villalba"]
[BlackTeam "La Didactica"]
[WhiteTeamCountry "ESP"]
[BlackTeamCountry "ESP"]

1. e4 c5 2. Nf3 a6 3. c3 e6 4. d4 cxd4 5. cxd4 d5 6. e5 Bb4+ 7. Nc3 Ne7 8. Bd3
Nbc6 9. O-O Nf5 10. Ne2 O-O 11. Kh1 Bd7 12. g4 Nh4 13. Bg5 Be7 14. Bxh4 Bxh4
15. a3 Be7 16. Nf4 f6 17. Qc2 g6 18. Bxg6 f5 19. gxf5 hxg6 20. f6 Bxf6 21.
Qxg6+ Bg7 22. Nh5 Qe7 23. Rg1 Be8 24. Qxg7+ Qxg7 25. Nxg7 Rxf3 26. Nxe8+ Kf8
27. Nf6 Kf7 28. Rg4 Rxf2 29. Rh4 Rxf6 30. exf6 Kxf6 31. Rf1+ Ke7 32. Rg4 Kd6
33. h4 Ne7 34. h5 Rh8 35. Rg5 Nc6 36. Rf4 Ne7 37. Kg2 Rh6 38. Kf3 Nc6 39. Kg3
b5 40. Kh4 Ne7 41. Rg7 Rh8 42. Kg5 a5 43. h6 Nc6 44. h7 Ne7 45. Rff7 Nf5 46.
Rxf5 1-0